Anne Hathaway Movies - Statistics

General Stats
  • This quiz has been taken 1,168 times
    979 since last reset
  • The average score is 8 of 22
Answer Stats
Year Movie % Correct
2001 The Princess Diaries
88%
2012 Les Miserables
80%
2004 The Princess Diaries 2: Royal Engagement
79%
2006 The Devil Wears Prada
68%
2012 The Dark Knight Rises
53%
2004 Ella Enchanted
50%
2010 Love and Other Drugs
45%
2005 Brokeback Mountain
42%
2009 Bride Wars
41%
2008 Rachel Getting Married
34%
2008 Get Smart
30%
2011 One Day
30%
2010 Valentine's Day
28%
2010 Alice in Wonderland
27%
2011 Rio
27%
2007 Becoming Jane
19%
2005 Havoc
19%
2005 Hoodwinked!
17%
2008 Passengers
13%
2002 Nicholas Nickleby
10%
2001 The Other Side of Heaven
10%
2002 The Cat Returns
8%
No matching quizzes found
Score Distribution
Percent of People with Each Score
Percentile by Number Answered
Your Score History
You have not taken this quiz since the last reset